Aspectos sustantivos de la nueva ley
Shranjeno v:
| Glavni avtor: | |
|---|---|
| Drugi avtorji: | |
| Format: | Knjiga |
| Jezik: | španščina |
| Izdano: |
Santiago
Colegio de Abogados de Chile
1999
|
| Teme: | |
| Oznake: |
Označite
Brez oznak, prvi označite!
|
MARC
| LEADER | 00000nam a2200000 a 4500 | ||
|---|---|---|---|
| 001 | UCP6729 | ||
| 003 | CL-VaPUC | ||
| 008 | 991112e19990000CL |||||||||||||||||spa|d | ||
| 082 | 0 | 4 | |a 346.017 |b FIG |2 21 |
| 100 | |a Figueroa Yáñez, Gonzalo |e autor |9 296658 | ||
| 700 | |a Maturana Miquel, Cristián |e autor |9 598660 | ||
| 245 | 1 | 0 | |a Aspectos sustantivos de la nueva ley |
| 300 | |a 67 p | ||
| 942 | |c BK | ||
| 945 | |d 19991112 00:00:00 |a vberengu | ||
| 260 | |a Santiago |b Colegio de Abogados de Chile |c 1999 | ||
| 500 | |a Intervención en Ciclo de Charlas: "Nueva ley de adopción n§ 19.620"; promulgada el 26 de julio de 1999, publicada en el Diario Oficial de 5 de agosto de 1999 | ||
| 650 | 0 | |a Adopción |9 255783 | |
| 650 | 0 | |a Asignación familiar |9 344930 | |
| 650 | 0 | |a Derecho y legislación |9 255077 | |
| 650 | 0 | |a Filiación |9 256647 | |
| 650 | 7 | |a LEGITIMACION ADOPTIVA |2 CL-VaPUC |9 336761 | |
| 583 | |a last modification |c 19991112 00:00:00 |k Rodrigo Vera | ||
| 999 | |c 284174 |d 284172 | ||
| 952 | |0 0 |1 0 |2 ddc |4 0 |6 346_017000000000000_FIG_1999 |7 0 |8 A |9 327948 |a BIBDER |b BIBDER |d 2019-11-20 |i 3571777 |o 346.017 FIG 1999 |p 3571777 |r 2023-01-25 |w 2019-11-20 |y MX |k DER | ||
| 952 | |0 0 |1 0 |2 ddc |4 0 |6 346_017000000000000_FIG_1999 |7 0 |8 A |9 327949 |a BIBDER |b BIBDER |d 2019-11-20 |i 3571785 |o 346.017 FIG 1999 |p 3571785 |r 2023-01-25 |w 2019-11-20 |y MX |k DER | ||